| 000 | 00355nam a2200145Ia 4500 | ||
|---|---|---|---|
| 008 | 150201s2011 xx 000 0 und d | ||
| 082 |
_a617.96 _bA11A |
||
| 100 | _aAGASTI, T.K. | ||
| 245 | _aTB. OF ANEASTHESIA FOR POSTGRADUATES | ||
| 250 | _a1ST | ||
| 260 |
_bJAYPEE _aDELHI _c2011 |
||
| 300 | _a1-1186 | ||
| 650 | _aANAESTHESIOLOGY | ||
| 942 |
_2ddc _cBK _01 |
||
| 999 |
_c1685 _d1685 |
||